Influence without arms : the new logic of nuclear deterrence /

Bibliographic Details
Main Author: Fuhrmann, Matthew, 1980- (Author)
Corporate Author: Cambridge University Press
Format: eBook
Language:English
Published: Cambridge, United Kingdom ; New York, NY : Cambridge University Press, 2024.
Subjects:
Online Access:Connect to the full text of this electronic book

MARC

Tag First Indicator Second Indicator Subfields
LEADER 00000nam a2200000 i 4500
001 in00005613613
003 OCoLC
006 m o d
007 cr cnu---unuuu
008 240306t20242024enk ob 001 0 eng
005 20251118220406.2
010 |a  2024006397 
020 |a 9781108915106  |q electronic book 
020 |a 1108915108  |q electronic book 
020 |z 9781108843201  |q hardcover 
020 |z 9781108824071  |q paperback 
024 8 |a 90100885300 
035 |a (OCoLC)1425247833 
040 |a DLC  |b eng  |e rda  |c DLC  |d OCLCO  |d CAMBR  |d YDX 
042 |a pcc 
050 4 |a U263  |b .F84 2024 
082 0 0 |a 355.02/17  |2 23/eng/20240306 
100 1 |a Fuhrmann, Matthew,  |d 1980-  |e author. 
245 1 0 |a Influence without arms :  |b the new logic of nuclear deterrence /  |c Matthew Fuhrmann. 
246 3 0 |a New logic of nuclear deterrence 
264 1 |a Cambridge, United Kingdom ;  |a New York, NY :  |b Cambridge University Press,  |c 2024. 
264 4 |c ©2024 
300 |a 1 online resource ( viii, 356 pages) : 
336 |a text  |b txt  |2 rdacontent 
337 |a computer  |b c  |2 rdamedia 
338 |a online resource  |b cr  |2 rdacarrier 
504 |a Includes bibliographical references and index. 
505 0 |a The Logic of Latent Nuclear Deterrence -- What Leaders Think: Beliefs About Latent Deterrence -- Almost Nuclear: Identifying Latent Nuclear Powers -- Causes of Nuclear Latency: Why Technology Spreads -- Reaping Rewards: Deterring Conflict and Gaining Influence -- Backlash: Explaining Preventive Attacks -- Arms Races: Deterring Weapons Proliferation -- Nuclear Latency inWorld Politics. 
588 |a Description based on online resource; title from digital title page (viewed on November 13, 2024). 
650 0 |a Nuclear weapons. 
650 0 |a Deterrence (Strategy) 
650 0 |a Security, International. 
650 0 |a Nuclear arms control. 
650 6 |a Armes nucléaires.  |0 (CaQQLa)201-0019344 
650 6 |a Dissuasion (Stratégie)  |0 (CaQQLa)201-0022349 
650 6 |a Armes nucléaires  |x Contrôle.  |0 (CaQQLa)201-0027772 
655 7 |a Electronic books.  |2 local 
710 2 |a Cambridge University Press 
776 1 8 |i Print version:  |a Fuhrmann, Matthew, 1980-  |t Influence without arms  |d New York, NY : Cambridge University Press, [2024]  |z 9781108843201  |w (DLC) 2024006396 
856 4 0 |u http://proxy.library.tamu.edu/login?url=https://doi.org/10.1017/9781108915106  |z Connect to the full text of this electronic book  |t 0 
945 |b 290545 
955 |a Course Affordability title 
980 |b usergen  |c 90100885300  |g 565759  |k USD  |m 235.00  |p POLS;420;500;Fuhrmann  |q 1  |s AcqMono Conventional  |t Purchase at vendor system  |u Vendor order reference number  |v ZYBP  |y Faculty - electronic  |z Electronic resource 
999 f f |i 06216f3e-4a26-4ee3-837c-9f532fb4f4ab  |s 1d868b3e-e0da-43f3-8a79-80e3280cabf3  |t 0 
952 f f |a Texas A&M University  |b College Station  |c Electronic Resources  |d Available Online  |t 0  |e U263 .F84 2024  |h Library of Congress classification 
998 f f |a U263 .F84 2024  |t 0  |l Available Online